000 00303nam a2200145Ia 4500
100 _aBaker /H.W
490 _vII
942 _cBK
654 _aWorkshop
245 _aModern Workshop Technology- II
260 _bMacmillon & co
_aLondon
_c1965
082 _a671
300 _a650
546 _aENGLISH
999 _c31993
_d31993